The Tortured Poets Department: All Songs - Statistics

General Stats
  • This quiz has been taken 5 times
  • The average score is 24 of 31
Answer Stats
Hint Track No. Answer % Correct
The Tortured Poets Department: The Anthology 20 Chloe or Sam or Sophia or Marcus
100%
The Tortured Poets Department 1 Fortnight
100%
The Tortured Poets Department 9 Guilty as Sin?
100%
The Tortured Poets Department: The Anthology 25 I Look In People’s Windows
100%
The Tortured Poets Department: The Anthology 18 imgonnagetyouback
100%
The Tortured Poets Department 12 loml
100%
The Tortured Poets Department: The Anthology 28 Peter
100%
The Tortured Poets Department: The Anthology 22 So High School
100%
The Tortured Poets Department 5 So Long, London
100%
The Tortured Poets Department 15 The Alchemy
100%
The Tortured Poets Department 2 The Tortured Poets Department
100%
The Tortured Poets Department 10 Who’s Afraid of Little Old Me?
100%
The Tortured Poets Department 6 But Daddy I Love Him
67%
The Tortured Poets Department: The Anthology 27 Cassandra
67%
The Tortured Poets Department 4 Down Bad
67%
The Tortured Poets Department 8 Florida!!
67%
The Tortured Poets Department 7 Fresh Out The Slammer
67%
The Tortured Poets Department: The Anthology 21 How Did It End?
67%
The Tortured Poets Department 13 I Can Do It With a Broken Heart
67%
The Tortured Poets Department 11 I Can Fix Him (No Really I Can)
67%
The Tortured Poets Department: The Anthology 23 I Hate It Here
67%
The Tortured Poets Department: The Anthology 30 Robin
67%
The Tortured Poets Department: The Anthology 19 The Albatross
67%
The Tortured Poets Department: The Anthology 17 The Black Dog
67%
The Tortured Poets Department: The Anthology 29 The Bolter
67%
The Tortured Poets Department: The Anthology 31 The Manuscript
67%
The Tortured Poets Department: The Anthology 26 The Prophecy
67%
The Tortured Poets Department 14 The Smallest Man Who Ever Lived
67%
The Tortured Poets Department 16 Clara Bow
33%
The Tortured Poets Department 3 My Boy Only Breaks His Favourite Toys
33%
The Tortured Poets Department: The Anthology 24 thanK you alMee
33%
No matching quizzes found
Score Distribution
Percent of People with Each Score
Percentile by Number Answered
Your Score History
You have not taken this quiz